000 00337nam a22001337a 4500
003 OSt
005 20231124155025.0
008 231124b |||||||| |||| 00| 0 eng d
040 _cCO-JMCR
082 _aC /
_bDAHr
100 _aDahl roald
_eautor
_942278
245 _aLa jirafa, el pelicano y el mono /
_cRoald dahl
942 _2ddc
_cBK
999 _c30330
_d16714